Culture, class, and development in Pakistan : the emergence of an industrial bourgeoisie in Punjab (Record no. 70467)

000 -LEADER
fixed length control field 00529nam a22001817a 4500
003 - CONTROL NUMBER IDENTIFIER
control field NUST - PNEC
005 - DATE AND TIME OF LATEST TRANSACTION
control field 20170116181140.0
008 - FIXED-LENGTH DATA ELEMENTS--GENERAL INFORMATION
fixed length control field 151008b xxu||||| |||| 00| 0 eng d
020 ## - INTERNATIONAL STANDARD BOOK NUMBER
International Standard Book Number 9694020441
020 ## - INTERNATIONAL STANDARD BOOK NUMBER
International Standard Book Number 9694020433
040 ## - CATALOGING SOURCE
Transcribing agency LIBRARY
082 ## - DEWEY DECIMAL CLASSIFICATION NUMBER
Classification number 305.5095491 WEI
100 ## - MAIN ENTRY--PERSONAL NAME
9 (RLIN) 14613
Personal name Weiss, Anita M.
245 ## - TITLE STATEMENT
Title Culture, class, and development in Pakistan : the emergence of an industrial bourgeoisie in Punjab
Statement of responsibility, etc. Anita M. Weiss
260 ## - PUBLICATION, DISTRIBUTION, ETC.
Date of publication, distribution, etc. c.1991
650 ## - SUBJECT ADDED ENTRY--TOPICAL TERM
9 (RLIN) 14618
Topical term or geographic name entry element Pakistan
General subdivision General
942 ## - ADDED ENTRY ELEMENTS (KOHA)
Source of classification or shelving scheme
Koha item type Book
Holdings
Withdrawn status Lost status Source of classification or shelving scheme Damaged status Not for loan Permanent Location Current Location Shelving location Date acquired Total Checkouts Full call number Barcode Date last seen Price effective from Koha item type
          Pakistan Navy Engineering College (PNEC) Pakistan Navy Engineering College (PNEC)       305.5095491 WEI PNECLIB-016409 10/08/2015   Book
© 2023 Central Library, National University of Sciences and Technology. All Rights Reserved.